Name a Weird Al Song by Letter - Statistics

General Stats
  • This quiz has been taken 36 times
  • The average score is 13 of 23
Answer Stats
Letter # Answer % Correct
A 11 Another One Rides the Bus | Addicted to Spuds | Alimony | Attack of the Radioactive Hamsters from a Planet Near Mars | Airline Amy | Achy Breaky Song | Amish Paradise | The Alternative Polka | Albuquerque | Angry White Boy Polka | Another Tattoo
95%
E 3 Eat It | Everything You Know Is Wrong | eBay
86%
F 5 Fat | Fun Zone | Frank's 2000" TV | Foil | First World Problems
73%
W 10 The White Stuff | When I Was Your Age | Waffle King | The Weird Al Show Theme | Wanna B Ur Lovr | Why Does This Always Happen to Me? | White & Nerdy | Weasel Stomping Day | Whatever You Like | Word Crimes
73%
I 14 I Love Rocky Road | I'll Be Mellow When I'm Dead | I Lost on Jeopardy | I Want a New Duck | I Think I'm a Clone Now | Isle Thing | I Can't Watch This | I Was Only Kidding | I'm So Sick of You | I Remember Larry | It's All About the Pentiums | I'll Sue Ya | If That Isn't Love | Inactive
68%
M 9 My Bologna | Mr. Frump in the Iron Lung | Midnight Star | Mr. Popeil | Melanie | Money for Nothing/Beverly Hillbillies | My Baby's in Love with Eddie Vedder | My Own Eyes | Mission Statement
68%
P 13 Polkas on 45 | Polka Party! | Polka Your Eyes Out | The Plumbing Song | Phony Calls | Pretty Fly for a Rabbi | Polka Power! | Party at the Leper Colony | Pancreas | Polkarama! | Perform This Way | Polka Face | Party in the CIA
68%
S 15 Stop Draggin' My Car Around | Such a Groovy Guy | Slime Creatures from Outer Space | Stuck in a Closet with Vanna White | She Drives Like Crazy | Spatula City | Spam | Smells Like Nirvana | She Never Told Me She Was a Mime | Since You've Been Gone | Syndicated Inc. | The Saga Begins | Skipper Dan | Stop Forwarding That Crap to Me | Sports Song
68%
Y 5 Yoda | You Make Me | You Don't Love Me Anymore | Young, Dumb & Ugly | Your Horoscope for Today
68%
G 11 Gotta Boogie | George of the Jungle | Girls Just Want to Have Lunch | Good Enough for Now | Good Old Days | Gandhi II | Generic Blues | Gump | Germs | Grapefruit Diet | Genius in France
64%
D 5 Dare to Be Stupid | Dog Eat Dog | Don't Wear Those Shoes | Do I Creep You Out | Don't Download This Song
59%
L 6 Like a Surgeon | Living with a Hernia | Lasagna | Let Me Be Your Hog | Livin' in the Fridge | Lame Claim to Fame
59%
T 15 That Boy Could Dance | Theme from Rocky XIII | This Is the Life | Toothless People | (This Song's Just) Six Words Long | Twister | Trigger Happy | Taco Grande | Traffic Jam | Talk Soup | Truck Drivin' Song | Trash Day | Trapped in the Drive-Thru | TMZ | Tacky
55%
C 12 The Check's in the Mail | Cable TV | Christmas at Ground Zero | Cavity Search | Callin' in Sick | Couch Potato | A Complicated Song | Canadian Idiot | Confessions Part III | Close but No Cigar | CNR | Craigslist
55%
H 7 Happy Birthday | Hooked on Polkas | Here's Johnny | The Hot Rocks Polka | Harvey the Wonder Hamster | Hardware Store | Handy
50%
J 3 Jurassic Park | Jerry Springer | Jackson Park Express
45%
B 7 Buckingham Blues | The Brady Bunch | Buy Me a Condo | The Biggest Ball of Twine in Minnesota | Bedrock Anthem | Bohemian Polka | Bob
41%
V 2 Velvet Elvis | Virus Alert
41%
N 3 Nature Trail to Hell | The Night Santa Went Crazy | Now That's What I Call Polka!
36%
O 3 One More Minute | One of Those Days | Ode to a Superhero
36%
R 2 Ricky | Ringtone
18%
U 1 UHF
18%
K 1 King of Suede
14%
No matching quizzes found
Score Distribution
Percent of People with Each Score
Percentile by Number Answered
Your Score History
You have not taken this quiz